Japan statistical yearbook 2000
Salvato in:
| Natura: | Libro |
|---|---|
| Lingua: | inglese |
| Pubblicazione: |
Tokyo
Statistics Bureau
1999
|
| Soggetti: | |
| Tags: |
Nessun Tag, puoi essere il primo ad aggiungerne!!
|
MARC
| LEADER | 00000nam a2200000 4500 | ||
|---|---|---|---|
| 001 | c116877 | ||
| 005 | 20240517074636.5 | ||
| 022 | |a 0389-9004 | ||
| 041 | 0 | |a eng | |
| 044 | |a JP | ||
| 245 | 1 | 0 | |a Japan statistical yearbook 2000 |
| 264 | 1 | |a Tokyo |b Statistics Bureau |c 1999 | |
| 300 | |a 909 s. | ||
| 610 | 2 | 0 | |a Japonsko |
| 610 | 2 | 0 | |a geografia |
| 610 | 2 | 0 | |a populácia |
| 610 | 2 | 0 | |a makroekonomika |
| 610 | 2 | 0 | |a podnikanie |
| 610 | 2 | 0 | |a sektory hospodárske |
| 610 | 2 | 0 | |a trh práce |
| 610 | 2 | 0 | |a spoločnosť |
| 610 | 2 | 0 | |a kultúra |